000 00521nam a2200181Ia 4500
003 PILC
005 20160218144558.0
008 140609s9999 xx 000 0 und d
020 _a9789812544674
050 _aBJ 1725
_b.R68 2003
100 _aRowan, John.
245 _aEthics for the professions /
_cJohn Rowan, Samuel Zinaich.
260 _aAustralia ; Belmont, CA :
_bWadsworth/Thomas Learning,
_c2003.
300 _a445 pages ;
_c24 cm.
500 _aIncludes index.
942 _kFOR
_cBK
_2lcc
999 _c117977
_d117977